Loading...
UGC-NET Digest on paper-3 physical education
| Hovedforfatter: | |
|---|---|
| Format: | Printed Book |
| Sprog: | Undetermined |
| Udgivet: |
NewDelhi
Khel Sahitya Kendra
|
| LEADER | 00471nam a2200133Ia 4500 | ||
|---|---|---|---|
| 008 | 200212s9999 xx 000 0 und d | ||
| 020 | |a 8175245638 | ||
| 082 | |a 796.07 KAM-3 | ||
| 100 | |a Kamlesh, M.L |9 188507 | ||
| 245 | |a UGC-NET Digest on paper-3 physical education | ||
| 260 | |a NewDelhi |b Khel Sahitya Kendra | ||
| 942 | |c BK | ||
| 999 | |c 194517 |d 194513 | ||
| 952 | |0 0 |1 0 |4 0 |6 796_070000000000000_KAM3 |7 0 |9 194210 |a SPESS |b SPESS |d 2020-02-12 |l 0 |o 796.07 KAM-3 |p SPESS703 |r 2020-02-12 |w 2020-02-12 |y BK | ||